The Great hunt / (Record no. 263083)
[ view plain ]
| 000 -LEADER | |
|---|---|
| fixed length control field | 01906nam a2200469Ia 4500 |
| 001 - CONTROL NUMBER | |
| control field | ocm24635171 |
| 003 - CONTROL NUMBER IDENTIFIER | |
| control field | UtVeUCL |
| 005 - DATE AND TIME OF LATEST TRANSACTION | |
| control field | 20251210162054.0 |
| 008 - FIXED-LENGTH DATA ELEMENTS--GENERAL INFORMATION | |
| fixed length control field | 911028s1991 nyub 000 1 eng d |
| 020 ## - INTERNATIONAL STANDARD BOOK NUMBER | |
| International Standard Book Number | 0812517725 (pbk.) : |
| Terms of availability | $5.99 |
| 020 ## - INTERNATIONAL STANDARD BOOK NUMBER | |
| Terms of availability | 7.99 |
| 020 ## - INTERNATIONAL STANDARD BOOK NUMBER | |
| International Standard Book Number | 9780312851408 |
| Terms of availability | (hardcover) |
| Qualifying information | $39.99 |
| 029 1# - (OCLC) | |
| OCLC library identifier | NLGGC |
| System control number | 088074838 |
| 040 ## - CATALOGING SOURCE | |
| Original cataloging agency | OCO |
| Transcribing agency | OCO |
| Modifying agency | SVP |
| -- | IPL |
| -- | FVC |
| -- | OCL |
| -- | XY4 |
| -- | BAKER |
| -- | WACOL |
| Language of cataloging | eng |
| Description conventions | rda |
| 041 0# - LANGUAGE CODE | |
| Language code of text/sound track or separate title | eng |
| 049 ## - LOCAL HOLDINGS (OCLC) | |
| Holding library | WACL |
| 090 ## - LOCALLY ASSIGNED LC-TYPE CALL NUMBER (OCLC); LOCAL CALL NUMBER (OCLC) | |
| Classification number (OCLC) (R) ; Classification number, CALL (RLIN) (NR) | PS3560.O7617 |
| Local cutter number (OCLC) ; Book number/undivided call number, CALL (RLIN) | G74 1991 |
| 092 ## - LOCALLY ASSIGNED DEWEY CALL NUMBER (OCLC) | |
| Classification number | 813.54 |
| Item number | J766g, 1991 |
| 092 ## - LOCALLY ASSIGNED DEWEY CALL NUMBER (OCLC) | |
| Classification number | FIC |
| 092 ## - LOCALLY ASSIGNED DEWEY CALL NUMBER (OCLC) | |
| Classification number | PBKSF |
| Item number | Jor |
| 100 1# - MAIN ENTRY--PERSONAL NAME | |
| Personal name | Jordan, Robert, |
| 9 (RLIN) | 43436 |
| Dates associated with a name | 1948-2007, |
| Relator term | author. |
| 245 14 - TITLE STATEMENT | |
| Title | The Great hunt / |
| Statement of responsibility, etc | Robert Jordan. |
| 250 ## - EDITION STATEMENT | |
| Edition statement | 1st mass market ed. First edition. |
| 260 ## - PUBLICATION, DISTRIBUTION, ETC. (IMPRINT) | |
| Place of publication, distribution, etc | New York : |
| Name of publisher, distributor, etc | T. Doherty Associates, |
| Date of publication, distribution, etc | 1991. |
| 264 34 - Production, Publication, Distribution, Manufacture, and Copyright Notice. | |
| Place of production, publication, distribution, manufacture | New York, NY : |
| Name of producer, publisher, distributor, manufacturer | Tom Doherty Associates, |
| Date of production, publication, distribution, manufacture, or copyr | c1990 |
| 300 ## - PHYSICAL DESCRIPTION | |
| Extent | xxviii, 707 p. : |
| Other physical details | maps ; |
| Dimensions | 18 cm. |
| -- | 25 cm |
| 336 ## - Content Type | |
| Content type term | text |
| 337 ## - Media type | |
| Media type term | unmediated |
| 338 ## - Carrier type | |
| Carrier type term | volume |
| 490 1# - SERIES STATEMENT | |
| Series statement | Wheel of time ; |
| Volume number/sequential designation | bk. 2 |
| 490 0# - SERIES STATEMENT | |
| Series statement | TOR fantasy |
| 500 ## - GENERAL NOTE | |
| General note | "Sequel to The eye of the world"--Cover. |
| 500 ## - GENERAL NOTE | |
| General note | Maps on endpapers, front and back. |
| 500 ## - GENERAL NOTE | |
| General note | "A Tor book"--T.p. verso. |
| 520 2# - SUMMARY, ETC. | |
| Summary, etc | "The Wheel of Time turns and Ages come and pass. What was, what will be, and what is, may yet fall under the Shadow. For centuries, gleemen have told of The Great Hunt of the Horn. Now the Horn itself is found: the Horn of Valere long thought only legend, the Horn which will raise the dead heroes of the ages. And it is stolen." publisher. |
| 651 ## - SUBJECT ADDED ENTRY--GEOGRAPHIC NAME | |
| Source of heading or term | LC |
| Form subdivision | Fantasy |
| General subdivision | fiction. |
| 9 (RLIN) | 6557534 |
| 655 #7 - INDEX TERM--GENRE/FORM | |
| Genre/form data or focus term | Fantastic fiction. |
| Source of term | gsafd |
| 9 (RLIN) | 5673974 |
| 700 ## - ADDED ENTRY--PERSONAL NAME | |
| Personal name | Mitchell, Ellisa, |
| Dates associated with a name | 1919- |
| Relator term | cartographer. |
| 9 (RLIN) | 6557535 |
| 800 1# - SERIES ADDED ENTRY--PERSONAL NAME | |
| Personal name | Jordan, Robert, |
| Dates associated with a name | 1948- |
| Title of a work | Wheel of time ; |
| Volume/sequential designation | bk. 2. |
| 9 (RLIN) | 5816299 |
| 942 ## - ADDED ENTRY ELEMENTS (KOHA) | |
| Koha item type | BOOK |
| Source of classification or shelving scheme | Dewey Decimal Classification |
| 948 ## - LOCAL PROCESSING INFORMATION (OCLC); SERIES PART DESIGNATOR (RLIN) | |
| Series part designator, SPT (RLIN) | 06/24/2006 |
| b (OCLC) | 11/27/2017 |
| z (OCLC) | Sirsi |
| Withdrawn status | Lost status | Source of classification or shelving scheme | Damaged status | Not for loan | Collection code | Home library | Current library | Shelving location | Date acquired | Cost, normal purchase price | Total Checkouts | Total Renewals | Full call number | Barcode | Checked out | Date last seen | Date checked out | Cost, replacement price | Price effective from | Koha item type |
|---|---|---|---|---|---|---|---|---|---|---|---|---|---|---|---|---|---|---|---|---|
| Dewey Decimal Classification | Fiction | Wasatch County Library | Wasatch County Library | First Floor | 01/08/2020 | 39.99 | 16 | 19 | F Jordan | 34301001602194 | 05/07/2026 | 03/11/2026 | 03/11/2026 | 39.99 | 03/20/2020 | BOOK |
